15. dokumentum A Népszövetség jövője /
Elmentve itt :
| Szerző: | |
|---|---|
| Dokumentumtípus: | Könyv része |
| Megjelent: |
1999
|
| Sorozat: | Documenta Historica
"A Népszövetség halála" : dokumentumok az olasz-etióp konfliktus történetéből (1935-1936) |
| Kulcsszavak: | Népszövetség |
| Tárgyszavak: | |
| Online Access: | http://acta.bibl.u-szeged.hu/10873 |
| LEADER | 00788naa a2200217 i 4500 | ||
|---|---|---|---|
| 001 | acta10873 | ||
| 005 | 20211208132039.0 | ||
| 008 | 161015s1999 hu o 0|| hun d | ||
| 022 | |a 1216-0954 | ||
| 040 | |a SZTE Egyetemi Kiadványok Repozitórium |b hun | ||
| 041 | |a hun | ||
| 100 | 1 | |a Jászi Oszkár | |
| 245 | 1 | 0 | |a 15. dokumentum |h [elektronikus dokumentum] : |b A Népszövetség jövője / |c Jászi Oszkár |
| 260 | |c 1999 | ||
| 300 | |a 69-73 | ||
| 490 | 0 | |a Documenta Historica | |
| 490 | 0 | |a "A Népszövetség halála" : dokumentumok az olasz-etióp konfliktus történetéből (1935-1936) | |
| 650 | 4 | |a Bölcsészettudományok | |
| 650 | 4 | |a Történettudomány és régészet | |
| 695 | |a Népszövetség | ||
| 856 | 4 | 0 | |u http://acta.bibl.u-szeged.hu/10873/1/doc_044_069-073.pdf |z Dokumentum-elérés |